01706cam a22004574i 4500003000900000005001700009008004100026020001500067035002700082040003300109049000900142082002200151100002700173245003300200264007700233300003800310336002100348337002500369338002300394505015700417526001000574526001000584526001000594526001000604526000800614526000800622526000800630526000800638526000800646526000800654526000800662650003000670910001800700942001400718949012900732994001400861596000600875999015500881980005501036952015701091PE-LiUPU20250731173534.0150616s r 000 0 d a080280862X a(Sirsi) i9780802808622 aPE-LiUPUbspacPE-LiUPUerda aPRUA04a241.1742bR752211 aVerhey, Allen,eautor.10aReligion and Medical Ethics. 1aGrand Rapids, Michigan :bWilliam B. Eerdmans Publishing Company,c1996. a152 páginas ;c22 centímetros atext2rdacontent aunmediated2rdamedia avolume2rdacarrier0 aReligion and the roots of the bioethics revival.- The marginalization of religious voices.- Alien Dignity: The legacy of helmut thielicke for bioethics. aSEG42 aSEG41 aSEG40 aSEG39 aP94 aP87 aP86 aP85 aP77 aP76 aP3504aETICA MEDICA - CONGRESOS. ajckbjvqcjck 2ddccBOOK a241.1742 R75wDEWEYc1i42377lCCODEBUL1mBULr0sYtBOOKu2015-6-16xTEOLOGIAzUNKNOWN0COMPRAo.STAFF. Colección General aC0bPEPRU a1 a241.1742 R75wDEWEYc60213i42377f2021-11-10g5lCCODEBUL1mBULr0sYtBOOKu2015-6-16xTEOLOGIAzUNKNOWN0COMPRAo.STAFF. Colección Generald60213 81gALBERTO SANCHEZ Responsable de Automatización r2025-12-03 00:00:00i6l0o241.1742 R75p42377te1w2015-06-16xPGyBKzinventario-2023-12-13102ddc50708GENfP94aBULbBULcGENd2015-06-16eCOMPRA